000 00916nam a2200265 i 4500
001 5503
003 ES-MaACL
005 20250830053811.0
008 881020s1987 sp |||| | spa d
020 _a84-01-33341-5
080 _a261.6
100 1 _aCierva, Ricardo de la,
_d1926-2015
_938790
245 1 0 _aOscura rebelión en la Iglesia
_b: jesuitas, teología de la liberación, carmelitas, marianistas y socialistas : la denuncia /
_cRicardo de la Cierva.
250 _a1ª ed.
260 _aEsplugues de Llobregat, Barcelona :
_bPlaza & Janés,
_c1987.
300 _a791 p., ll h. ;
_c22 cm.
490 1 _aÉpoca. Hombre y sociedad
500 _aÍndices.
610 1 7 _aJesuitas-
_yS.XX.
_95362
650 1 7 _aTeología de la liberación
_2embne
_917466
650 1 4 _aMarxismo.
_914803
830 0 _aÉpoca. Hombre y sociedad
_9177267
852 _aES-MaACL
_jL-12204
999 _c5503
_d5503